LEADER 02015nam a2200409 i 4500 001 000000166564 003 CaOOAMICUS 005 20161004000000.0 008 161004s1997 it u000 u ita u 013 $a143933 020 $a88-7750-471-4 040 $aSeMil$bita 100 1 $aCavallo, Melita.$0(OLS)http://semarc/name/62741 245 13$aLa famiglia difficile :$besperienze e proposte per affrontare le crisi domestiche /$ccontributi di Melita Cavallo ... [et al.] ; a cura di Giorgio Chiosso e Mario Tortello. 260 $aTorino :$bUTET Libreria,$c1997. 300 $aXIII, 231 p. ;$c21 cm. 490 0 $aStrumenti per le scienze della formazione 650 4$aFamiglia - Educazione.$0(OLS)http://semarc/subject/10676 650 4$aFamiglia - Problemi - Testimonianze.$0(OLS)http://semarc/subject/18443 650 4$aFamiglia - Italia - 1980-1996.$0(OLS)http://semarc/subject/31665 700 1 $aTortello, Mario.$0(OLS)http://semarc/name/4017 700 1 $aChiosso, Giorgio,$d<1945- >.$0(OLS)http://semarc/name/10433 774 0 $tQuando nasce una famiglia.$w()326817 774 0 $tFamiglia fragile.$w()326818 774 0 $tFamiglia distruttiva.$w()326819 774 0 $tFamiglia multietnica.$w()326820 774 0 $tFamiglia e la marginalità.$w()326821 774 0 $tFamiglia e il giudice minorile.$w()326822 774 0 $tFamiglia e la condizione anziana.$w()326823 774 0 $tFamiglie difficili: oltre la patologia.$w()326824 830 0$aStrumenti per le scienze della formazione.$0(OLS)http://semarc/title/45194 850 $aSeMil 852 $aSeMil$W1$xVenegono$y1$m2Q IV 27 -$j117727$B117727$CSeMilBibl$Z2$F213628 $81 961 $aOmaggio: Università Cattolica del Sacro Cuore 996 $6020$a88-7750-471-4$9(OLS)http://semarc/number/153090 996 $6245$aLa famiglia difficile :$besperienze e proposte per affrontare le crisi domestiche$9(OLS)http://semarc/title/238022 996 $6260$aTorino :$bUTET Libreria$9(OLS)http://semarc/publisher/32208 LEADER 01323nam a2200205 i 4500 001 000000066721 003 CaOOAMICUS 005 19990127000000.0 008 990127s1777 xx u000 u lat u 013 $a37893 026 $antes tae- u-u- qusu (3) 1777 (R) 040 $aSeMil$bita 245 10$aTomus quartus. In quo de Gratia reparatoris, de legum praescriptionibus, atque humanorum officiorum praeceptis disputatur. 300 $a[4], 404, [8] p. 500 $aSegn. : pg2 A-3D4 3E6. 650 4$aGrazia divina - Teologia.$0(OLS)http://semarc/subject/318 773 0 $aBerti, Giovanni Lorenzo <1696-1766>$tJo. Laurentii Berti Florentini fratris eremitae Augustiniani Opus de theologicis disciplinis nunc primum novem voluminibus comprehensum, ... integra etiam adversariorum in auctorem opuscula, quae hactenus prodierunt: tum apologeticas omnes eiusdem dissertationes complectens. ... Tomus 1. [-10.].$dNeapoli : Sumptibus Gaetani Migliaccio : Ex Typocraphia [!] Orsiniana, 1776-1784.$bEditio novissima ab auctore ipso aucta, ...$g4$w()27535 850 $aSeMil 852 $aSeMil$W1$xVenegono$y1$m2N V 4 FA$j32874$B32874$CSeMilBibl$Z2$F32877 $8I 996 $6245$aTomus quartus. In quo de Gratia reparatoris, de legum praescriptionibus, atque humanorum officiorum praeceptis disputatur$9(OLS)http://semarc/title/106151 LEADER 00559nam a2200169 i 4500 001 000000102937 003 CaOOAMICUS 005 20010911000000.0 008 010911s1982 it u000 u ita u 013 $a75093 040 $aSeMil$bita 245 10$aPartecipazione-Perdono. 300 $aXXIX, 1008 p. 773 0 $tEnciclopedia del diritto.$dMilano : Giuffrè, 1958-1995.$g32$w()3324 850 $aSeMil 852 $aSeMil$W1$xVenegono$y1$mSL1.N VII 47$j258153$B59398$CSeMilBibl$Z2$F43889 $8I 996 $6245$aPartecipazione-Perdono$9(OLS)http://semarc/title/149676 LEADER 00624nam a2200181 i 4500 001 000000160103 003 CaOOAMICUS 005 20260112144956.0 008 070312s1973 it u000 u ita u 040 $aSeMil$bita 245 10$a6: Tempo ordinario :$bsettimane 15-21. 300 $a927 p. 773 0 $tLezionario meditato.$dBologna : EDB, 1972-1973 (Stampa)$gVolume6$w()17432 850 $aSeMil 852 $aSeMil$W1$xVenegono$y1$m3KK II 1/6$j265989$B111581$CSeMilBibl$Z2$F123637 $81 961 $aOmaggio: Altro 996 $6245$a6: Tempo ordinario :$bsettimane 15-21$9(OLS)http://semarc/title/142493